| 000 | 01607nam a2200337 a 4500 | ||
|---|---|---|---|
| 001 | 000000324 | ||
| 003 | DO-SdBNP | ||
| 005 | 20171006081015.0 | ||
| 007 | 000000324 | ||
| 008 | 081112s2008 dr ac 001 0 spa d | ||
| 020 | _a9789945408171 | ||
| 020 | _a9945408178 | ||
| 040 |
_aBPMSU _bspa _cBPMSU |
||
| 082 | 4 |
_a781.63 _bC117j |
|
| 100 | 1 | _aCabral, Euri | |
| 245 | 1 | 0 |
_aJuan Luis Guerra y 4-40 : _bmerengue y bachata a ritmo de poesỉa y compromiso / _cEuri Cabral. |
| 260 |
_aSanto Domingo : _bBúho, _c2008. |
||
| 300 |
_a367 p. : _bil , retr. ; _c24 cm. |
||
| 504 | _aIncluye referencias bibliográficas e índice de citas. | ||
| 505 | 0 |
_tPrólogo -- _gCapítulo 1. _tApuntes sobre el merengue y la bachata _gCapítulo 2. _tNotas biográficas de Juan Luis Guerra -- _gCapítulo 3. _tEl preludio del éxito -- _gCapítulo 4. _tLa carrera sin retorno del triunfo -- _gCapítulo 5. _tLa consolidación mundial de Juan Luis Guerra -- _gCapítulo 6. _tEl éxito continúa caminando por el mundo -- _gCapítulo 7. _tEl encuentro definitivo con Dios -- _gCapítulo 8. _tLos nuevos senderos del éxito -- _gCapítulo 9. _tLa trascendencia histórica de Juan Luis Guerra -- _tCitas -- _tBibliografía. |
|
| 600 | 1 | 4 |
_aGUERRA, JUAN LUIS, _d1957- |
| 650 | 4 |
_aMÚSICA POPULAR DOMINICANA _xHISTORIA Y CRÍTICA |
|
| 650 | 4 |
_aMÚSICA POPULAR _xDISCOGRAFÍA |
|
| 650 | 4 | _aMERENGUE (MÚSICA) | |
| 650 | 4 | _aBACHATA (MÚSICA) | |
| 650 | 4 | _aMÚSICA BAILABLE DOMINICANA | |
| 910 | _aValidado. Control de calidad BNPHU | ||
| 942 |
_2ddc _cBK |
||
| 945 | _aInventariado / 2017 VM | ||
| 956 |
_aVMATEO _b10 _c20150807 _lBPMSU _h00151 |
||
| 999 |
_c8124 _d8124 |
||